[Event "Bamberg-Open 2019"]
[Site "Bamberg"]
[Date "2019.05.30"]
[Round "2.18"]
[White "Pacher, Milan"]
[Black "Woerz, Markus"]
[Result "1-0"]
[WhiteElo "2396"]
[BlackElo "2057"]
[Annotator "ChessBase"]
[PlyCount "59"]
[EventDate "2019.05.12"]
[EventType "swiss"]
[EventCountry "GER"]
[SourceTitle "playchess.com"]
[Source "ChessBase"]
[SourceQuality "1"]
[TimeControl "40/5400+30:900+30"]

1. e4 {[%emt 0:02:24]} e5 {[%emt 0:00:00]} 2. Nf3 {[%emt 0:00:05]} Nc6 {[%emt 0:00:00]} 3. Bc4 {[%emt 0:00:14]} Bc5 {[%emt 0:00:01]} 4. d3 {[%emt 0:00:20]} Nf6 5. O-O d6 {[%emt 0:01:10]} 6. c3 {[%emt 0:00:58]} a6 {[%emt 0:02:48]} 7. a4 {[%emt 0:00:15]} Ba7 {[%emt 0:01:26]} 8. Nbd2 {[%emt 0:00:44]} O-O {[%emt 0:00:37]} 9. h3 {[%emt 0:00:30]} Ne7 {[%emt 0:03:19]} 10. Re1 {[%emt 0:01:03]} Ng6 {[%emt 0:02:45]} 11. d4 {[%emt 0:00:52]} Re8 {[%emt 0:03:37]} 12. Qb3 {[%emt 0:05:55]} Re7 13. Nf1 {[%emt 0:01:07]} h6 {[%emt 0:06:22]} 14. Ng3 {[%emt 0:00:40]} c6 {[%emt 0:01:02]} 15. Nf5 {[%emt 0:13:44]} Rc7 {[%emt 0:02:30]} 16. dxe5 {[%emt 0:00:46]} dxe5 {[%emt 0:01:06]} 17. a5 {[%emt 0:08:29]} Qf8 {[%emt 0:06:16]} 18. Be3 {[%emt 0:01:47]} Bxe3 {[%emt 0:04:23]} 19. Rxe3 {[%emt 0:00:02]} Nxe4 {[%emt 0:01:25]} 20. Nxh6+ {[%emt 0:00:18]} gxh6 {[%emt 0:00:10]} 21. Rxe4 {[%emt 0:00:04]} Qg7 {[%emt 0:00:49]} 22. Qb6 {[%emt 0:02:32]} Re7 {[%emt 0:02:54]} 23. Qd8+ {[%emt 0:03:15]} Qf8 {[%emt 0:05:06]} 24. Qd6 {[%emt 0:05:10]} Bf5 {[%emt 0:04:54]} 25. Re3 {[%emt 0:04:15]} Qg7 {[%emt 0:02:20]} 26. Rae1 {[%emt 0:03:27]} Bxh3 {[%emt 0:07:14]} 27. Nh4 {[%emt 0:08:53]} Nxh4 {[%emt 0:13:46]} 28. Rg3 {[%emt 0:02:24]} Bg4 {[%emt 0:01:12]} 29. Qxe7 {[%emt 0:00:23]} Nf5 {[%emt 0:04:58]} 30. Qxf7+ {[%emt 0:00:11]} 1-0

[Event "Bamberg-Open 2019"]
[Site "Bamberg"]
[Date "2019.05.30"]
[Round "2.19"]
[White "Rempeli, Alex"]
[Black "Promyshlyanskiy, Vitaliy"]
[Result "1/2-1/2"]
[WhiteElo "2016"]
[BlackElo "2282"]
[Annotator "ChessBase"]
[PlyCount "82"]
[EventDate "2019.05.12"]
[EventType "swiss"]
[EventCountry "GER"]
[SourceTitle "playchess.com"]
[Source "ChessBase"]
[SourceQuality "1"]
[TimeControl "40/5400+30:900+30"]

1. d4 {[%emt 0:00:00]} Nc6 {[%emt 0:00:00]} 2. c4 {[%emt 0:00:00]} e5 {[%emt 0:00:00]} 3. d5 {[%emt 0:00:38]} Nce7 {[%emt 0:00:00]} 4. Nc3 {[%emt 0:00:52]} Ng6 {[%emt 0:02:34]} 5. a3 {[%emt 0:01:00]} a5 {[%emt 0:03:00]} 6. Nf3 {[%emt 0:02:56]} Bc5 {[%emt 0:05:07]} 7. h4 {[%emt 0:09:11]} d6 {[%emt 0:06:35]} 8. h5 {[%emt 0:05:52]} N6e7 {[%emt 0:01:51]} 9. h6 {[%emt 0:06:26]} Nxh6 {[%emt 0:02:30]} 10. Bxh6 {[%emt 0:00:36]} gxh6 {[%emt 0:00:06]} 11. Ne4 {[%emt 0:03:04]} Ng6 {[%emt 0:05:39]} 12. Qd2 {[%emt 0:09:15]} Bf5 {[%emt 0:03:33]} 13. Nxc5 {[%emt 0:03:15]} dxc5 {[%emt 0:00:15]} 14. Qe3 {[%emt 0:02:58]} Qe7 {[%emt 0:06:06]} 15. Rxh6 {[%emt 0:07:11]} b6 {[%emt 0:20:39]} 16. Qg5 {[%emt 0:18:52]} Qxg5 {[%emt 0:03:37]} 17. Nxg5 {[%emt 0:00:01]} f6 {[%emt 0:00:44]} 18. Nf3 {[%emt 0:00:30]} Kf7 {[%emt 0:02:06]} 19. g3 {[%emt 0:04:00]} Kg7 {[%emt 0:02:28]} 20. Rh2 {[%emt 0:01:39]} Bg4 {[%emt 0:06:45]} 21. Nh4 {[%emt 0:06:05]} Rad8 {[%emt 0:07:06]} 22. Bh3 {[%emt 0:03:46]} Nxh4 {[%emt 0:00:32]} 23. Bxg4 {[%emt 0:00:55]} Ng6 {[%emt 0:00:09]} 24. e4 {[%emt 0:01:57]} Ne7 {[%emt 0:01:40]} 25. Ke2 {[%emt 0:01:43]} c6 {[%emt 0:00:55]} 26. a4 {[%emt 0:05:14]} f5 {[%emt 0:02:53]} 27. exf5 {[%emt 0:02:05]} cxd5 {[%emt 0:00:08]} 28. cxd5 {[%emt 0:00:44]} Rxd5 {[%emt 0:00:45]} 29. Rd1 {[%emt 0:01:22]} Rxd1 {[%emt 0:01:23]} 30. Kxd1 {[%emt 0:00:01]} Rd8+ {[%emt 0:00:10]} 31. Kc1 {[%emt 0:01:22]} Rd4 {[%emt 0:00:18]} 32. Bd1 {[%emt 0:00:38]} h6 {[%emt 0:08:31]} 33. f6+ {[%emt 0:00:53]} Kxf6 {[%emt 0:00:04]} 34. Rxh6+ {[%emt 0:00:07]} Kf5 {[%emt 0:00:45]} 35. Rxb6 Nd5 36. Rb5 Rc4+ 37. Kd2 Rd4+ 38. Ke2 Rb4 39. Rxc5 Rxb2+ 40. Kf3 e4+ 41. Kg2 Ke6 1/2-1/2

[Event "Bamberg-Open 2019"]
[Site "Bamberg"]
[Date "2019.05.30"]
[Round "2.20"]
[White "Wortmann, Klaus Peter"]
[Black "Pribyl, Josef"]
[Result "0-1"]
[WhiteElo "2025"]
[BlackElo "2239"]
[Annotator "ChessBase"]
[PlyCount "104"]
[EventDate "2019.05.12"]
[EventType "swiss"]
[EventCountry "GER"]
[SourceTitle "playchess.com"]
[Source "ChessBase"]
[SourceQuality "1"]
[TimeControl "40/5400+30:900+30"]

1. d4 {[%emt 0:00:00]} Nf6 {[%emt 0:00:00]} 2. Nf3 {[%emt 0:00:00]} g6 {[%emt 0:00:00]} 3. c4 {[%emt 0:00:11]} Bg7 {[%emt 0:00:00]} 4. Nc3 {[%emt 0:00:30]} d5 {[%emt 0:00:00]} 5. cxd5 {[%emt 0:00:41]} Nxd5 {[%emt 0:00:00]} 6. e4 {[%emt 0:01:15]} Nxc3 {[%emt 0:00:00]} 7. bxc3 {[%emt 0:00:09]} O-O {[%emt 0:00:00]} 8. Be3 {[%emt 0:00:16]} b6 {[%emt 0:00:15]} 9. Be2 {[%emt 0:03:39]} Bb7 {[%emt 0:00:15]} 10. Qc2 {[%emt 0:00:44]} c5 {[%emt 0:00:41]} 11. dxc5 {[%emt 0:05:23]} Nd7 {[%emt 0:00:03]} 12. cxb6 {[%emt 0:04:32]} axb6 {[%emt 0:00:02]} 13. O-O {[%emt 0:02:18]} Nc5 {[%emt 0:01:14]} 14. Bxc5 {[%emt 0:05:32]} bxc5 {[%emt 0:00:03]} 15. Rab1 {[%emt 0:07:03]} Qc7 {[%emt 0:02:07]} 16. Bc4 {[%emt 0:16:12]} Ra7 {[%emt 0:00:28]} 17. a4 {[%emt 0:02:05]} e6 {[%emt 0:05:51]} 18. Bb5 {[%emt 0:03:30]} Qf4 {[%emt 0:02:44]} 19. Rbe1 {[%emt 0:03:33]} f5 {[%emt 0:06:32]} 20. Nd2 {[%emt 0:05:39]} Rd8 {[%emt 0:07:29]} 21. Re3 {[%emt 0:01:27]} Bh6 {[%emt 0:15:33]} 22. g3 {[%emt 0:06:00]} Qxe3 {[%emt 0:05:55]} 23. fxe3 {[%emt 0:00:14]} Bxe3+ {[%emt 0:00:04]} 24. Rf2 {[%emt 0:01:26]} Rxd2 {[%emt 0:01:02]} 25. Qxd2 {[%emt 0:02:26]} Bxd2 {[%emt 0:00:03]} 26. Rxd2 {[%emt 0:00:08]} Bxe4 {[%emt 0:00:36]} 27. Rd8+ {[%emt 0:01:48]} Kf7 {[%emt 0:00:39]} 28. Rd2 {[%emt 0:09:14]} Ke7 {[%emt 0:00:58]} 29. Kf2 {[%emt 0:00:08]} g5 {[%emt 0:03:24]} 30. Ke3 {[%emt 0:01:32]} h6 {[%emt 0:01:24]} 31. g4 {[%emt 0:03:14]} Ba8 {[%emt 0:03:32]} 32. gxf5 {[%emt 0:01:09]} exf5 {[%emt 0:00:02]} 33. Kd3 {[%emt 0:02:47]} Bd5 {[%emt 0:00:40]} 34. Re2+ {[%emt 0:03:00]} Kf6 {[%emt 0:01:12]} 35. Re8 {[%emt 0:01:07]} Bb3 {[%emt 0:01:35]} 36. Rc8 {[%emt 0:00:18]} Bxa4 {[%emt 0:01:01]} 37. Rc6+ {[%emt 0:00:32]} Kg7 {[%emt 0:01:33]} 38. Rxc5 {[%emt 0:01:30]} Bxb5+ {[%emt 0:00:25]} 39. Rxb5 {[%emt 0:00:04]} Rd7+ {[%emt 0:03:54]} 40. Ke2 {[%emt 0:01:00]} Kg6 {[%emt 0:03:39]} 41. Rb6+ {[%emt 0:16:40]} Kh5 {[%emt 0:15:14]} 42. c4 {[%emt 0:00:17]} f4 {[%emt 0:03:01]} 43. Rf6 {[%emt 0:04:13]} Re7+ {[%emt 0:10:17]} 44. Kd2 {[%emt 0:02:15]} Ra7 {[%emt 0:02:55]} 45. c5 {[%emt 0:00:00]} Ra2+ {[%emt 0:00:00]} 46. Kd3 {[%emt 0:00:00]} Rxh2 {[%emt 0:00:00]} 47. c6 {[%emt 0:00:00]} Ra2 {[%emt 0:00:00]} 48. c7 {[%emt 0:00:00]} Ra8 {[%emt 0:00:00]} 49. Ke4 {[%emt 0:00:00]} Rc8 {[%emt 0:00:00]} 50. Rf7 {[%emt 0:00:00]} Kg4 {[%emt 0:00:00]} 51. Kd5 {[%emt 0:00:00]} f3 {[%emt 0:00:00]} 52. Ke4 {[%emt 0:00:00]} f2 {[%emt 0:00:00]} 0-1

[Event "Bamberg-Open 2019"]
[Site "Bamberg"]
[Date "2019.05.30"]
[Round "2.21"]
[White "von Wantoch, Markus"]
[Black "Mooser, Stefan"]
[Result "0-1"]
[WhiteElo "1971"]
[BlackElo "2215"]
[Annotator "ChessBase"]
[PlyCount "40"]
[EventDate "2019.05.12"]
[EventType "swiss"]
[EventCountry "GER"]
[SourceTitle "playchess.com"]
[Source "ChessBase"]
[SourceQuality "1"]
[TimeControl "40/5400+30:900+30"]

1. e4 {[%emt 0:00:00]} c5 {[%emt 0:01:24]} 2. Nc3 {[%emt 0:00:00]} a6 {[%emt 0:00:26]} 3. a4 {[%emt 0:01:34]} e6 {[%emt 0:00:10]} 4. Nf3 {[%emt 0:02:54]} Nc6 {[%emt 0:00:20]} 5. g3 {[%emt 0:02:09]} Nf6 {[%emt 0:04:04]} 6. Bg2 {[%emt 0:03:14]} Be7 {[%emt 0:00:27]} 7. O-O {[%emt 0:01:07]} d6 {[%emt 0:00:07]} 8. Re1 {[%emt 0:10:51]} O-O {[%emt 0:02:37]} 9. h3 {[%emt 0:00:57]} Qc7 {[%emt 0:04:03]} 10. d4 {[%emt 0:02:30]} cxd4 {[%emt 0:00:11]} 11. Nxd4 {[%emt 0:00:08]} Bd7 {[%emt 0:03:50]} 12. Nce2 {[%emt 0:06:12]} Rab8 {[%emt 0:06:20]} 13. Be3 {[%emt 0:13:33]} Rfc8 {[%emt 0:03:37]} 14. c3 {[%emt 0:07:17]} Na5 {[%emt 0:04:11]} 15. b3 {[%emt 0:04:07]} g6 {[%emt 0:05:08]} 16. Qb1 {[%emt 0:07:08]} e5 {[%emt 0:06:17]} 17. Nc2 {[%emt 0:01:16]} Nc6 {[%emt 0:10:24]} 18. Rc1 {[%emt 0:10:47]} Be6 {[%emt 0:08:11]} 19. c4 {[%emt 0:01:34]} Qd7 {[%emt 0:04:09]} 20. Nc3 {[%emt 0:00:28]} Bxh3 {[%emt 0:00:18]} 0-1

[Event "Bamberg-Open 2019"]
[Site "Bamberg"]
[Date "2019.05.30"]
[Round "2.22"]
[White "Tscharotschkin, Michael"]
[Black "Mueller, Wolfgang"]
[Result "1-0"]
[WhiteElo "2182"]
[BlackElo "2052"]
[Annotator "ChessBase"]
[PlyCount "59"]
[EventDate "2019.05.12"]
[EventType "swiss"]
[EventCountry "GER"]
[SourceTitle "playchess.com"]
[Source "ChessBase"]
[SourceQuality "1"]
[TimeControl "40/5400+30:900+30"]

1. d4 {[%emt 0:00:00]} d5 {[%emt 0:00:00]} 2. Bf4 {[%emt 0:00:00]} Nf6 {[%emt 0:00:57]} 3. e3 {[%emt 0:00:00]} e6 {[%emt 0:00:10]} 4. c3 {[%emt 0:00:04]} Bd6 {[%emt 0:00:35]} 5. Bxd6 {[%emt 0:00:08]} cxd6 {[%emt 0:00:17]} 6. Nf3 {[%emt 0:01:06]} O-O {[%emt 0:00:32]} 7. Nbd2 {[%emt 0:01:00]} Re8 {[%emt 0:03:35]} 8. Be2 {[%emt 0:00:53]} Nc6 {[%emt 0:11:50]} 9. O-O {[%emt 0:00:16]} e5 {[%emt 0:03:54]} 10. dxe5 {[%emt 0:00:47]} dxe5 {[%emt 0:00:32]} 11. Nb3 {[%emt 0:04:19]} b6 {[%emt 0:07:14]} 12. a4 {[%emt 0:03:24]} a5 {[%emt 0:08:29]} 13. c4 {[%emt 0:02:05]} Bb7 {[%emt 0:04:23]} 14. c5 {[%emt 0:02:54]} d4 {[%emt 0:12:50]} 15. exd4 {[%emt 0:01:16]} exd4 {[%emt 0:00:15]} 16. Bb5 {[%emt 0:01:35]} d3 {[%emt 0:11:50]} 17. Qxd3 {[%emt 0:03:02]} Nd5 {[%emt 0:00:13]} 18. Rad1 {[%emt 0:01:26]} Ncb4 {[%emt 0:02:16]} 19. Qc4 {[%emt 0:01:50]} Rc8 {[%emt 0:07:22]} 20. Bxe8 {[%emt 0:00:43]} Qxe8 {[%emt 0:00:05]} 21. Rfe1 {[%emt 0:04:00]} Qxa4 {[%emt 0:00:10]} 22. Ra1 {[%emt 0:01:27]} Qd7 {[%emt 0:03:07]} 23. Rad1 {[%emt 0:06:11]} a4 {[%emt 0:02:52]} 24. Qxb4 {[%emt 0:00:16]} axb3 {[%emt 0:02:30]} 25. Qxb3 {[%emt 0:02:40]} Rxc5 {[%emt 0:01:02]} 26. Ne5 {[%emt 0:04:15]} Qc8 {[%emt 0:01:51]} 27. Nd3 {[%emt 0:01:35]} Rc7 {[%emt 0:02:19]} 28. Re5 {[%emt 0:02:31]} Nf6 {[%emt 0:01:49]} 29. Qxb6 {[%emt 0:01:32]} Qg4 {[%emt 0:01:30]} 30. Ne1 {[%emt 0:01:46]} 1-0

[Event "Bamberg-Open 2019"]
[Site "Bamberg"]
[Date "2019.05.30"]
[Round "2.23"]
[White "Haasner, Tom"]
[Black "Schmidt, Justus"]
[Result "1/2-1/2"]
[WhiteElo "1963"]
[BlackElo "2153"]
[Annotator "ChessBase"]
[PlyCount "76"]
[EventDate "2019.05.12"]
[EventType "swiss"]
[EventCountry "GER"]
[SourceTitle "playchess.com"]
[Source "ChessBase"]
[SourceQuality "1"]
[TimeControl "40/5400+30:900+30"]

1. d4 {[%emt 0:00:00]} d5 {[%emt 0:00:00]} 2. Bf4 {[%emt 0:00:00]} Nf6 {[%emt 0:00:00]} 3. e3 {[%emt 0:00:00]} e6 {[%emt 0:00:00]} 4. c3 {[%emt 0:00:44]} Bd6 {[%emt 0:00:50]} 5. Bg3 {[%emt 0:00:22]} c5 {[%emt 0:00:16]} 6. Nd2 {[%emt 0:00:17]} Qc7 {[%emt 0:00:10]} 7. f4 {[%emt 0:08:33]} Nbd7 {[%emt 0:00:52]} 8. Bd3 {[%emt 0:01:51]} b6 {[%emt 0:02:58]} 9. Qf3 {[%emt 0:12:27]} Bb7 {[%emt 0:02:35]} 10. Nh3 {[%emt 0:01:30]} O-O {[%emt 0:10:44]} 11. O-O {[%emt 0:04:07]} Bc6 {[%emt 0:08:40]} 12. Rac1 {[%emt 0:07:56]} Qb7 {[%emt 0:03:20]} 13. Nf2 {[%emt 0:00:22]} b5 {[%emt 0:00:56]} 14. e4 {[%emt 0:22:01]} dxe4 {[%emt 0:06:09]} 15. Nfxe4 {[%emt 0:00:18]} Be7 {[%emt 0:02:43]} 16. Bf2 {[%emt 0:08:23]} Rfd8 {[%emt 0:10:44]} 17. Qe2 {[%emt 0:01:29]} Nd5 {[%emt 0:05:32]} 18. g3 {[%emt 0:03:23]} cxd4 {[%emt 0:11:13]} 19. Bxd4 {[%emt 0:00:47]} N5f6 {[%emt 0:03:22]} 20. Rce1 {[%emt 0:02:41]} Bd5 {[%emt 0:03:49]} 21. h3 {[%emt 0:06:30]} Rac8 {[%emt 0:03:59]} 22. Kh2 {[%emt 0:01:01]} a6 {[%emt 0:02:07]} 23. a4 {[%emt 0:02:41]} Rb8 {[%emt 0:02:58]} 24. a5 {[%emt 0:03:46]} Qc7 {[%emt 0:02:15]} 25. Qe3 {[%emt 0:00:18]} Rbc8 {[%emt 0:02:10]} 26. b4 {[%emt 0:02:44]} Qc6 {[%emt 0:02:56]} 27. Rf2 {[%emt 0:03:27]} Bxe4 {[%emt 0:05:55]} 28. Bxe4 {[%emt 0:01:05]} Nxe4 {[%emt 0:00:30]} 29. Nxe4 {[%emt 0:01:12]} Qc4 {[%emt 0:01:20]} 30. Nd2 {[%emt 0:00:57]} Qd5 {[%emt 0:00:06]} 31. Nf3 {[%emt 0:00:31]} Bf6 {[%emt 0:01:13]} 32. Ne5 {[%emt 0:00:05]} Nb8 {[%emt 0:02:51]} 33. Bb6 {[%emt 0:01:14]} Re8 {[%emt 0:00:24]} 34. Rd2 {[%emt 0:00:27]} Qb3 {[%emt 0:01:10]} 35. Bc5 {[%emt 0:00:54]} Red8 {[%emt 0:01:21]} 36. Red1 {[%emt 0:00:35]} Rxd2+ {[%emt 0:01:09]} 37. Rxd2 {[%emt 0:00:16]} Rd8 {[%emt 0:00:31]} 38. Bd6 {[%emt 0:02:06]} g6 1/2-1/2

[Event "Bamberg-Open 2019"]
[Site "Bamberg"]
[Date "2019.05.30"]
[Round "2.24"]
[White "Kolb, Tobias"]
[Black "Ammon, Tobias"]
[Result "1/2-1/2"]
[WhiteElo "1915"]
[BlackElo "2151"]
[Annotator "ChessBase"]
[PlyCount "75"]
[EventDate "2019.05.12"]
[EventType "swiss"]
[EventCountry "GER"]
[SourceTitle "playchess.com"]
[Source "ChessBase"]
[SourceQuality "1"]
[TimeControl "40/5400+30:900+30"]

1. e4 {[%emt 0:00:00]} Nf6 {[%emt 0:00:00]} 2. e5 {[%emt 0:00:00]} Nd5 {[%emt 0:00:00]} 3. d4 {[%emt 0:00:00]} d6 {[%emt 0:00:00]} 4. c4 {[%emt 0:00:00]} Nb6 {[%emt 0:00:00]} 5. exd6 {[%emt 0:00:00]} cxd6 {[%emt 0:00:25]} 6. Nc3 {[%emt 0:00:02]} g6 {[%emt 0:01:08]} 7. Be3 {[%emt 0:00:15]} Bg7 {[%emt 0:00:37]} 8. Nf3 {[%emt 0:00:15]} O-O {[%emt 0:00:48]} 9. Be2 {[%emt 0:03:02]} Nc6 {[%emt 0:02:46]} 10. O-O {[%emt 0:02:27]} Bg4 {[%emt 0:02:34]} 11. b3 {[%emt 0:00:43]} d5 {[%emt 0:05:43]} 12. c5 {[%emt 0:01:00]} Nc8 {[%emt 0:06:19]} 13. Ne1 {[%emt 0:05:32]} Bxe2 {[%emt 0:01:46]} 14. Nxe2 {[%emt 0:00:10]} e6 {[%emt 0:13:04]} 15. Qd2 {[%emt 0:03:05]} N8e7 {[%emt 0:03:38]} 16. Bh6 {[%emt 0:28:44]} a5 {[%emt 0:08:09]} 17. Bxg7 {[%emt 0:01:24]} Kxg7 {[%emt 0:00:04]} 18. a3 {[%emt 0:05:18]} b6 {[%emt 0:06:15]} 19. Nf3 {[%emt 0:03:40]} Qb8 {[%emt 0:14:28]} 20. Rab1 {[%emt 0:06:12]} b5 {[%emt 0:10:40]} 21. h4 {[%emt 0:22:00]} b4 {[%emt 0:01:48]} 22. a4 {[%emt 0:00:07]} h5 {[%emt 0:06:39]} 23. Nf4 {[%emt 0:01:18]} Rh8 {[%emt 0:01:57]} 24. Rbe1 {[%emt 0:02:22]} Nd8 {[%emt 0:02:35]} 25. Ng5 {[%emt 0:01:12]} Ra6 {[%emt 0:01:36]} 26. Re2 {[%emt 0:02:01]} Nf5 {[%emt 0:00:50]} 27. g3 {[%emt 0:00:48]} Qc8 {[%emt 0:00:50]} 28. Rfe1 {[%emt 0:00:34]} Qd7 {[%emt 0:03:30]} 29. Qd3 {[%emt 0:01:07]} Ra8 {[%emt 0:03:21]} 30. Nf3 {[%emt 0:03:58]} Nc6 {[%emt 0:01:28]} 31. Ne5 {[%emt 0:01:32]} Nxe5 {[%emt 0:00:57]} 32. Rxe5 {[%emt 0:00:08]} Rae8 {[%emt 0:00:59]} 33. Kg2 {[%emt 0:01:32]} Kf8 {[%emt 0:00:59]} 34. Kg1 {[%emt 0:05:09]} Kg7 {[%emt 0:00:03]} 35. Kg2 {[%emt 0:00:03]} Kf8 {[%emt 0:00:03]} 36. Kg1 {[%emt 0:00:37]} Rd8 37. Nxd5 Kg7 38. Nf4 1/2-1/2

[Event "Bamberg-Open 2019"]
[Site "Bamberg"]
[Date "2019.05.30"]
[Round "2.25"]
[White "Pribyl, Viktor"]
[Black "Kues, Jarl-Hendrik"]
[Result "0-1"]
[WhiteElo "1933"]
[BlackElo "2137"]
[Annotator "ChessBase"]
[PlyCount "60"]
[EventDate "2019.05.12"]
[EventType "swiss"]
[EventCountry "GER"]
[SourceTitle "playchess.com"]
[Source "ChessBase"]
[SourceQuality "1"]
[TimeControl "40/5400+30:900+30"]

1. e4 {[%emt 0:00:00]} c5 {[%emt 0:00:00]} 2. Nc3 {[%emt 0:00:16]} g6 {[%emt 0:00:00]} 3. f4 {[%emt 0:02:02]} Bg7 {[%emt 0:00:00]} 4. Nf3 {[%emt 0:00:45]} Nc6 {[%emt 0:00:11]} 5. Bb5 {[%emt 0:01:04]} Nd4 {[%emt 0:00:29]} 6. Nxd4 {[%emt 0:03:17]} cxd4 {[%emt 0:00:11]} 7. Ne2 {[%emt 0:00:16]} e6 {[%emt 0:01:49]} 8. d3 {[%emt 0:01:20]} Qa5+ {[%emt 0:00:54]} 9. Qd2 {[%emt 0:01:04]} Qxb5 {[%emt 0:00:22]} 10. e5 {[%emt 0:00:28]} Qb6 {[%emt 0:01:50]} 11. Ng3 {[%emt 0:00:25]} Ne7 {[%emt 0:07:21]} 12. Ne4 {[%emt 0:00:11]} O-O {[%emt 0:00:20]} 13. O-O {[%emt 0:00:51]} Nd5 {[%emt 0:07:03]} 14. Rf3 {[%emt 0:03:01]} f6 {[%emt 0:05:33]} 15. Rh3 {[%emt 0:01:56]} Qd8 {[%emt 0:02:02]} 16. b3 {[%emt 0:02:24]} fxe5 {[%emt 0:14:59]} 17. fxe5 {[%emt 0:00:24]} Nf4 {[%emt 0:01:20]} 18. Rf3 {[%emt 0:04:14]} Bxe5 {[%emt 0:03:18]} 19. Qf2 {[%emt 0:00:55]} d5 {[%emt 0:04:20]} 20. Ng3 {[%emt 0:03:44]} Qf6 {[%emt 0:11:28]} 21. Bxf4 {[%emt 0:04:26]} Bxf4 {[%emt 0:00:08]} 22. Nf1 {[%emt 0:02:51]} Be3 {[%emt 0:06:50]} 23. Nxe3 {[%emt 0:00:02]} dxe3 {[%emt 0:00:09]} 24. Rxf6 {[%emt 0:00:10]} exf2+ {[%emt 0:00:13]} 25. Rxf2 {[%emt 0:00:02]} Rxf2 {[%emt 0:00:43]} 26. Kxf2 {[%emt 0:00:02]} Bd7 {[%emt 0:00:06]} 27. c4 {[%emt 0:00:19]} Rf8+ {[%emt 0:03:12]} 28. Kg3 {[%emt 0:00:40]} dxc4 {[%emt 0:00:40]} 29. dxc4 {[%emt 0:00:47]} Bc6 {[%emt 0:00:14]} 30. Re1 {[%emt 0:00:04]} Kf7 {[%emt 0:00:28]} 0-1

[Event "Bamberg-Open 2019"]
[Site "Bamberg"]
[Date "2019.05.30"]
[Round "2.26"]
[White "Legahn, Dirk"]
[Black "Bunk, Wolfgang"]
[Result "1-0"]
[WhiteElo "2132"]
[BlackElo "1995"]
[Annotator "ChessBase"]
[PlyCount "87"]
[EventDate "2019.05.12"]
[EventType "swiss"]
[EventCountry "GER"]
[SourceTitle "playchess.com"]
[Source "ChessBase"]
[SourceQuality "1"]
[TimeControl "40/5400+30:900+30"]

1. d4 {[%emt 0:00:00]} Nf6 {[%emt 0:00:00]} 2. Bf4 {[%emt 0:00:00]} c5 {[%emt 0:00:31]} 3. d5 {[%emt 0:00:00]} b5 {[%emt 0:06:10]} 4. f3 {[%emt 0:11:08]} d6 {[%emt 0:03:09]} 5. e4 {[%emt 0:00:16]} a6 {[%emt 0:05:31]} 6. a4 {[%emt 0:02:38]} b4 {[%emt 0:02:55]} 7. a5 {[%emt 0:13:39]} g6 {[%emt 0:03:42]} 8. Nd2 {[%emt 0:00:47]} Bg7 {[%emt 0:14:04]} 9. Nc4 {[%emt 0:00:10]} Nbd7 {[%emt 0:00:14]} 10. Qd2 {[%emt 0:02:09]} h6 {[%emt 0:00:27]} 11. Bd3 {[%emt 0:03:29]} Ra7 {[%emt 0:07:07]} 12. Ne2 {[%emt 0:02:08]} Nh5 {[%emt 0:16:58]} 13. Be3 {[%emt 0:01:46]} Ne5 {[%emt 0:01:32]} 14. Nxe5 {[%emt 0:00:45]} Bxe5 {[%emt 0:00:25]} 15. c3 {[%emt 0:01:14]} bxc3 {[%emt 0:02:51]} 16. bxc3 {[%emt 0:00:07]} Bg7 {[%emt 0:01:39]} 17. O-O {[%emt 0:01:18]} Nf6 {[%emt 0:03:38]} 18. h3 {[%emt 0:10:44]} Nd7 {[%emt 0:02:26]} 19. f4 {[%emt 0:08:13]} Rc7 {[%emt 0:05:02]} 20. Bc4 {[%emt 0:01:48]} O-O {[%emt 0:06:39]} 21. g4 {[%emt 0:04:50]} Nb8 {[%emt 0:02:47]} 22. Ng3 {[%emt 0:01:31]} Rb7 {[%emt 0:03:16]} 23. e5 {[%emt 0:11:05]} dxe5 {[%emt 0:04:37]} 24. f5 {[%emt 0:00:10]} g5 {[%emt 0:01:17]} 25. Ne4 {[%emt 0:00:43]} Nd7 {[%emt 0:01:23]} 26. Bxa6 {[%emt 0:01:29]} Rc7 {[%emt 0:01:51]} 27. Bc4 {[%emt 0:01:13]} Bb7 {[%emt 0:01:20]} 28. a6 {[%emt 0:01:48]} Ba8 {[%emt 0:00:07]} 29. Rfb1 {[%emt 0:01:07]} Rc8 {[%emt 0:00:31]} 30. Bb5 {[%emt 0:03:22]} Nf6 {[%emt 0:01:31]} 31. Nxf6+ {[%emt 0:02:53]} exf6 {[%emt 0:00:19]} 32. c4 {[%emt 0:00:21]} Qd6 {[%emt 0:00:18]} 33. Qf2 {[%emt 0:02:16]} Rc7 {[%emt 0:00:41]} 34. a7 {[%emt 0:04:42]} Bb7 {[%emt 0:00:58]} 35. Bc6 {[%emt 0:02:28]} Rxc6 {[%emt 0:00:41]} 36. Rxb7 {[%emt 0:00:45]} Ra6 {[%emt 0:00:48]} 37. Rxa6 {[%emt 0:01:19]} Qxa6 {[%emt 0:00:02]} 38. Qb2 {[%emt 0:00:21]} Qxc4 {[%emt 0:00:48]} 39. Qb3 {[%emt 0:02:14]} Qa6 {[%emt 0:00:33]} 40. Bxc5 {[%emt 0:00:47]} Kh7 {[%emt 0:00:40]} 41. Bxf8 {[%emt 0:08:43]} Bxf8 {[%emt 0:00:08]} 42. Rxf7+ {[%emt 0:00:06]} Kg8 {[%emt 0:00:15]} 43. Rxf8+ {[%emt 0:00:16]} Kxf8 {[%emt 0:00:04]} 44. Qb8+ {[%emt 0:00:10]} 1-0